000 00629nam a2200217Ia 4500
005 20250508165503.0
008 008 250505s9999 xx 000 0 hin d
020 _a978-81-87496-40-3
037 _aTextual
040 _aFEDL
_beng
_cFEDL
041 _ahin
_2eng
084 _a370.15, PAT
_qFEDL
100 _aPathak Ramesh Kumar
_9780991
245 0 _aShiksha- manovigyan ke aadhar
260 _aNew Delhi, India
_bKanishka Publishers
_c2014
300 _avi, 334p.
365 _aPrice varies
_b750
700 _a Bhardwaj Amita Pandey
_9780992
942 _cTEXL
_h370.15, PAT
999 _c1395386
_d1395386